The silent killer
Gespeichert in:
| 1. Verfasser: | |
|---|---|
| Format: | Buch |
| Sprache: | Englisch |
| Veröffentlicht: |
Niu Publishers
2020
|
| Tags: |
Tag hinzufügen
Keine Tags, Fügen Sie den ersten Tag hinzu!
|
MARC
| LEADER | 00000nam a22000007a 4500 | ||
|---|---|---|---|
| 008 | 240812b |||||||| |||| 00| 0 eng d | ||
| 020 | |a 9789785636567 | ||
| 100 | |a Ogunlade Oluwadare | ||
| 245 | |a The silent killer |c Oluwadare Ogunlade |g xi, 100p.;ill | ||
| 260 | |b Niu Publishers |c 2020 |h Ile-Ife, Nigeria |i 701140 |i 701141 |i 701142 |i 701143 |i 701144 |i 701145 |i 701146 |i 701147 |i 701148 |l RC685.Og9 |m Hypertension- Treatment |m Hypertension- Prevention | ||
| 942 | |a lcc |c BK |e Adeyemo O.O |f 12/08/2024 | ||
| 952 | |0 0 |1 0 |2 lcc |4 0 |6 RC0685 G9 |7 0 |9 5478 |a HE |b HOL |c QZ |d 2024-08-12 |l 0 |o RC685.0g9 |p 2024-0719 |r 2024-08-12 00:00:00 |t 701140 |w 2024-08-12 |y BK | ||
| 952 | |0 0 |1 0 |2 lcc |4 0 |6 RC0685 G9 |7 0 |9 5479 |a HOL |b HOL |c QZ |d 2024-08-12 |l 0 |o RC685.0g9 |p 2024-0720 |r 2024-08-12 00:00:00 |t 701141 |w 2024-08-12 |y BK | ||
| 952 | |0 0 |1 0 |2 lcc |4 0 |6 RC0685 G9 |7 0 |9 5480 |a HOL |b HOL |c QZ |d 2024-08-12 |l 0 |o RC685.0g9 |p 2024-0721 |r 2024-08-12 00:00:00 |t 701142 |w 2024-08-12 |y BK | ||
| 952 | |0 0 |1 0 |2 lcc |4 0 |6 RC0685 G9 |7 0 |9 5481 |a HOL |b HOL |c QZ |d 2024-08-12 |l 0 |o RC685.0g9 |p 2024-0722 |r 2024-08-12 00:00:00 |t 701143 |w 2024-08-12 |y BK | ||
| 952 | |0 0 |1 0 |2 lcc |4 0 |6 RC0685 G9 |7 0 |9 5482 |a HOL |b HOL |c QZ |d 2024-08-12 |l 0 |o RC685.0g9 |p 2024-0723 |r 2024-08-12 00:00:00 |t 701144 |w 2024-08-12 |y BK | ||
| 952 | |0 0 |1 0 |2 lcc |4 0 |6 RC0685 G9 |7 0 |9 5483 |a HOL |b HOL |d 2024-08-12 |l 0 |o RC685.0g9 |p 2024-0724 |r 2024-08-12 00:00:00 |t 701145 |w 2024-08-12 |y BK | ||
| 952 | |0 0 |1 0 |2 lcc |4 0 |6 RC0685 G9 |7 0 |9 5484 |a HOL |b HOL |d 2024-08-12 |l 0 |o RC685.0g9 |p 2024-0725 |r 2024-08-12 00:00:00 |t 701146 |w 2024-08-12 |y BK | ||
| 952 | |0 0 |1 0 |2 lcc |4 0 |6 RC0685 G9 |7 0 |9 5485 |a HOL |b HOL |d 2024-08-12 |l 0 |o RC685.0g9 |p 2024-0726 |r 2024-08-12 00:00:00 |t 701147 |w 2024-08-12 |y BK | ||
| 952 | |0 0 |1 0 |2 lcc |4 0 |6 RC0685 G9 |7 0 |9 5486 |a HOL |b HOL |d 2024-08-12 |l 0 |o RC685.0g9 |p 2024-0727 |r 2024-08-12 00:00:00 |t 701148 |w 2024-08-12 |y BK | ||
| 999 | |c 2711 |d 2711 | ||